000 01745nam a2200361 c 4500
003 BLK
005 20220926153149.0
008 180413b bul|||||r ||||||| ||bul||
010 _aKNG00024422000
020 _a978-954-27-0489-8
_bиздат.: Егмонт България
040 _aBLK
041 _aBUL
_cBUL
072 7 _2bullib
_aН92
_xИстория Н
080 _aОбща световна история. История на света
_b930.9
_x(02.062)
_z930.9(02.062)
100 1 _aКоупър, Маркъс
_eпърви автор
_983471
700 1 _aКачин, Александър
_eпрев. от англ.
_9365705
700 1 _aБорисова, Десислава
_eпрев. от англ.
_9266142
139 _aКоупър, Маркъс
_bК 87
245 1 0 _aПътуване през световната история
_bС приложени копия на 20 знаменателни документа
_cМаркъс Коупър; прев. от англ. Александър Качин; прев. от англ. Десислава Борисова.
257 _aUSA
260 София
_bЕгмонт България
_c2010
_fОтпеч. в Китай
300 _a184 с.
_bс цв. ил., факс.
_c29 см
380 _a9
500 _aИзд. на National Geographic. - Ориг. загл. History Book: An Interactive Journey / Marcus Cowper. - Съдържа и Азбучно-предметен показалец.
650 4 _aИстория, обща
_9264694
653 _aсветовна история
659 _aН
852 _aЦб ІІ 16681
856 4 _qpdf
_u
856 4 _qpdf
_u
942 _cKNG
_n0
_03
944 _aCR
_c05.04.2011
_lф /
_kВаля_Йорданова
944 _aED
_c05.06.2012
_lф /
_k
999 _c22080
_d22080